MARC

LEADER 00000nam1a2200000 4500
001 128568
005 20231031132843.0
035 |a (RuTPU)RU\TPU\book\139080 
090 |a 128568 
100 |a 20071229d1961 m y0rusy50 ca 
101 0 |a rus 
102 |a RU 
200 1 |a Расчеты конвейеров  |e в 2 ч.  |f Всесоюзный научно-исследовательский институт подъемно-транспортного машиностроения (ВНИИПТМАШ) 
210 |a Москва  |c Отдел научно-технической информации  |d 1961 
712 0 2 |a Всесоюзный научно-исследовательский институт подъемно-транспортного машиностроения (ВНИИПТМАШ)  |2 stltpush  |3 (RuTPU)RU\TPU\col\11904 
801 1 |a RU  |b 63413507  |c 20071229  |g PSBO 
801 2 |a RU  |b 63413507  |c 20080206  |g PSBO 
942 |c BK